All Colleges in Massachusetts - Statistics

General Stats
  • This quiz has been taken 489 times
  • The average score is 31 of 63
Answer Stats
Answer % Correct
University of Massachusetts Amherst
100%
Boston College
97%
Boston University
95%
Harvard
94%
University of Massachusetts Lowell
94%
University of Massachusetts Boston
88%
Amherst College
85%
Massachusetts Institute of Technology
83%
University of Massachusetts Dartmouth
83%
Northeastern University
76%
Tufts University
72%
Worcester Polytechnic Institute
66%
Springfield College
64%
Williams College
64%
College of the Holy Cross
63%
Brandeis University
61%
Framingham State University
61%
Worcester State University
61%
Bridgewater State University
59%
Bentley University
58%
Smith College
58%
Babson College
57%
Suffolk University
57%
Emerson College
56%
Wellesley College
56%
Fitchburg State University
54%
Mount Holyoke College
54%
Salem State University
53%
Stonehill College
53%
Assumption College
51%
Westfield State University
51%
Merrimack College
50%
Wentworth Institute of Technology
50%
Simmons University
49%
Clark University
47%
Emmanuel College
43%
Endicott College
42%
Hampshire College
39%
Lesley University
39%
Massachusetts College of Art and Design
38%
Curry College
37%
Massachusetts Maritime Academy
37%
Berklee College of Music
36%
Wheaton College
35%
Gordon College
34%
Lasell University
34%
American International College
33%
Massachusetts College of Liberal Arts
33%
Regis College
31%
Western New England University
31%
Nichols College
30%
Cambridge College
29%
Anna Maria College
28%
MCPHS University
23%
Bay Path University
20%
Becker College
19%
Bard College at Simon's Rock
18%
Elms College
17%
Fisher College
17%
Eastern Nazarene College
14%
Pine Manor College
11%
Boston Baptist College
10%
Montserrat College of Art
9%
No matching quizzes found
Score Distribution
Percent of People with Each Score
Percentile by Number Answered
Your Score History
You have not taken this quiz